000 01670nam2a22002891 4500
001 rc\212463
005 20250612175036.0
010 _a5-02-015199-8
_911000
035 _a(NLR Aleph) 008763540
090 _a7880032
_c7880032
100 _a20030307d1995 |||y0rusy50 ca
101 0 _arus
102 _aRU
105 _aa |||||||||
200 1 _aКолебания и волны. Оптика. Атомная и ядерная физика
_e[В 3 т.]
_f[Принимали участие Ф.С. Ландеберг-Барышанская и др.]
215 _a654, [2] с.
_cил.
_d21
300 _aЗагл. корешка: Учебник физики
300 _aИзд. на средства Междунар. соросов. программы образования в обл. точ. наук ин-та "Открытое о-во"
320 _aБиблиогр. в конце кн.
320 _aПредм. указ.: с. 650-655
461 0 _1001rc\212460
_12001#$aЭлементарный учебник физики$eУчеб.$f[Принимали участие: М.А. Исакович, М.А. Леонтович, Д.И. Сахаров и др.]$gПод ред. акад. Г.С. Ландсберга$vТ. 3
_99546911
_cМ.
_d1995
_e11-е изд.
_f[Принимали участие: М.А. Исакович, М.А. Леонтович, Д.И. Сахаров и др.]
_nНаука
_oУчеб.
_tЭлементарный учебник физики
_y5020152005
_vТ. 3
702 1 _aЛандсберг-Барышанская
_bФ.С.
_4570
801 0 _aRU
_bNLR
_gpsbo
801 1 _aRU
_bELAR
_2rusmarc
852 _aNLR
_j96-3/2593
942 _cBOOK
980 _aNB